Выделение Н-парафинов из дизельных фракций кристаллизацией с мочевиной и их последущее хлорирование и сульфохлорирование

Podrobná bibliografie
Hlavní autor: Вейнгертнер Э.
Jazyk:ruština
Vydáno: Москва, 1962
Edice:Перевод N 94/62П
Témata:
Médium: MixedMaterials Kniha
KOHA link:https://koha.lib.tpu.ru/cgi-bin/koha/opac-detail.pl?biblionumber=81569

MARC

LEADER 00000nam0a2200000 4500
001 81569
005 20231031095220.0
035 |a (RuTPU)RU\TPU\book\87676 
090 |a 81569 
100 |a 20050921d1962 k y0rusy50 ca 
101 0 |a rus 
102 |a RU 
105 |a a z 001zy 
200 1 |a Выделение Н-парафинов из дизельных фракций кристаллизацией с мочевиной и их последущее хлорирование и сульфохлорирование 
210 |a Москва  |d 1962 
215 |a 18 с.  |c ил. 
225 1 |a Перевод  |v N 94/62П 
320 |a Библиогр.: с. 19 
610 1 |a дизельное топливо 
610 1 |a депарафинизация 
610 1 |a карбамиды 
610 1 |a углеводороды 
610 1 |a парафиновые углеводороды 
610 1 |a хлорирование 
675 |a 665.521  |v 3 
700 1 |a Вейнгертнер  |b Э. 
801 1 |a RU  |b 63413507  |c 20050921  |g PSBO 
801 2 |a RU  |b 63413507  |c 20141218  |g PSBO 
942 |c BK